Les 12 coups de midi | Coup fatal #5 - Statistiques

Statistiques générales
  • Ce quiz a été pris 257 fois
    225 depuis la dernière actualisation
  • Le résultat moyen est 7 sur 17
Statistiques - réponses
Questions Réponses % Correct
De quel hémisphère la Petite Ourse se voit-elle ? nord
93%
Que signifie "The King", surnom d'Elvis et de Cantona ? le roi
89%
Quel prénom porte le présentateur de JT Delahousse ? Laurent
75%
Dans un couple de lions, qui porte une crinière ? lion
75%
Que signifie le terme grec "dêmos", qui a donné naissance au mot "démocratie" ? peuple
68%
Quel est le participe passé du verbe moudre ? moulu
66%
Selon l'expression, quand on fait une gaffe, où met-on les pieds ? plat
45%
Quel club joue au Roazhon Park ? Rennes
45%
Située en Haute-Savoie, quel est le nom complet de la ville de Thonon ? Thonon les Bains
43%
Comment appelle-t-on les terrains couverts de gazon d'un jardin public ? pelouse
37%
Quel ancien joueur du XV de France était surnommé "le Yach" ? Dimitri Yachvili
12%
Dans quel roman d'Hector Malot le jeune Rémi est-il recueilli par Maître Vitalis ? Sans famille
11%
A quel peintre doit-on la toile "La Goulue arrivant au Moulin Rouge" ? Henri de Toulouse-Lautrec
9%
Quel chanson de Didier Barbelivien débute par "Elle a la peau couleur du soleil" ? Elle
6%
De quel groupe britannique Alex Turner est-il le chanteur ? Arctic Monkeys
4%
Quel film avec Ingrid Bergman a inscrit la chanson "As Time Goes By" dans l'histoire du cinéma ? Casablanca
2%
Quel écrivain new-yorkais disparu en 2024 est l'auteur de "L'Invention de la solitude" ? Paul Auster
1%
Aucun quiz correspondant
Distribution des résultats
% des personnes avec chaque résultat
Percentile par nombre de réponses
Votre historique - résultats
Vous n’avez pas pris ce quiz depuis la dernière actualisation